• 首页
  • 本馆介绍
  • 公告通知
  • 最新文献
  • 馆藏检索
  • 电子资源
  • 读者导购
  • 参考咨询
  • 我的图书馆
  • 登录
  • 详细信息显示
  • 放入我的书架
  • 预约/预借图书
  • 作者相关作品
  • 分类相关作品
  • 丛书相关作品
  • 出版社相关作品

书目信息

  • 表格格式
  • 工作单格式
  • 卡片格式
题名:
校园魔术集锦
    
 
作者: 本书编写组编
分册:  
出版信息: 广州   广东世界图书出版公司  2010.06
页数: 198页
开本: 23cm
丛书名: 精彩缤纷的魔术世界丛书
单 册:
中图分类: J828-49 , J828
科图分类:
主题词: 魔术--青年读物
电子资源:
ISBN: 978-7-5100-2032-2
000 00641oam2 2200229 450
001 2352797533
005 20231109091847.88
010    @a978-7-5100-2032-2@dCNY38.00
100    @a20130929d2010 a y0chiy50 ea
101 0  @achi
102    @aCN@b110000
105    @aa z 000yy
200 1  @a校园魔术集锦@Ajiao yuan mo shu ji jin@f本书编写组编
210    @a广州@c广东世界图书出版公司@d2010.06
215    @a198页@c图@d23cm
225 2  @a精彩缤纷的魔术世界丛书
461  0 @12001 @a精彩缤纷的魔术世界丛书
606 0  @a魔术@j青年读物
690    @aJ828-49@v5
690    @aJ828@v4
801  0 @aCN@b山东中教@c20230926
905    @aBZT@dJ828@e15
    
    校园魔术集锦/本书编写组编.-广州:广东世界图书出版公司,2010.06
    198页:图;23cm.-(精彩缤纷的魔术世界丛书)
    
    
    ISBN 978-7-5100-2032-2:CNY38.00
    
●
相关链接 在五车中查询图书 在当当中查询图书 在豆瓣中查询图书


正题名:校园魔术集锦     索取号:J828/15         预约/预借

序号 登录号 条形码 馆藏地/架位号 状态 备注
1 2000963429   2000963429   第四书库/四35架A面5层4列/ [索取号:J828/15] 在馆    
2 2000963430   2000963430   第四书库/四35架A面5层4列/ [索取号:J828/15] 在馆    
3 2000963431   2000963431   第四书库/四35架A面5层4列/ [索取号:J828/15] 在馆    
4 2000963432   2000963432   第四书库/四35架A面5层4列/ [索取号:J828/15] 在馆    
5 2000963433   2000963433   第四书库/四35架A面5层4列/ [索取号:J828/15] 在馆    
6 2000963434   2000963434   第四书库/四35架A面5层4列/ [索取号:J828/15] 在馆    
山东省滨州职业学院图书馆 欢迎您!
大连网信软件有限公司© 版权所有